Μετρήσεις κατανομών μεγέθους αιωρούμενων σωματιδίων στα περιαστικά περιβάλλοντα της Πάτρας και της Αθήνας : πτυχιακή εργασία

Αποθηκεύτηκε σε:
Λεπτομέρειες βιβλιογραφικής εγγραφής
Κύριος συγγραφέας: Νικήτας, Παναγιώτης
Συγγραφή απο Οργανισμό/Αρχή: Πανεπιστήμιο Αιγαίου. Σχολή Περιβάλλοντος. Τμήμα Περιβάλλοντος
Μορφή: Thesis Βιβλίο
Γλώσσα:Greek
Δημοσίευση: 2013
Θέματα:
Διαθέσιμο Online:http://hdl.handle.net/11610/10454
Ετικέτες: Προσθήκη ετικέτας
Δεν υπάρχουν, Καταχωρήστε ετικέτα πρώτοι!

MARC

LEADER 00000cam a2200000 i 4500
001 1/54502
008 140902s2013 gre d
035 |l 10118851 
040 |a GR-MY-UA  |b gre  |e aacr 
041 0 |a gre 
082 0 |a 363.7392  |2 (22) 
100 1 |a Νικήτας, Παναγιώτης. 
245 1 0 |a Μετρήσεις κατανομών μεγέθους αιωρούμενων σωματιδίων στα περιαστικά περιβάλλοντα της Πάτρας και της Αθήνας :  |b πτυχιακή εργασία /  |c Νικήτας Παναγιώτης ; [επιβλέπων καθηγητής: Γ. Μπίσκος] 
260 |c 2013 
300 |a 79 σ.;  |b πίν., εικ.;  |c 30 εκ. 
502 |a Πτυχιακή εργασία – Πανεπιστήμιο Αιγαίου, Λέσβος, 2013. 
504 |a Βιβλιογραφία: σ. 43-45, παράρτημα 
650 0 0 |a Air  |x Pollution  |x Environmental aspects. 
650 0 0 |a Air  |x Pollution  |z Greece  |z Athens  |x Measurement. 
650 0 0 |a Atmospheric aerosols  |z Greece  |z Athens. 
650 0 0 |a Dissertations, Academic  |z Greece. 
700 1 |a Μπίσκος, Γεώργιος,  |e dgs 
710 2 |a Πανεπιστήμιο Αιγαίου.   |b Σχολή Περιβάλλοντος.   |b Τμήμα Περιβάλλοντος. 
852 |a INST  |b LESVOS  |c DIATR  |e 20140902  |h 1527  |p 005100055454  |q 005100055454  |t DIE  |y 23 
852 |a INST  |b LESVOS  |c DIATR  |e 20140902  |h 1528  |p 005100055455  |q 005100055455  |t DIE  |y 23 
856 |u http://hdl.handle.net/11610/10454 
901 |a BIBL1-2014-3 
909 |a Λ  |b 190443 
909 |a Λ  |b 190444 
924 |a ΝΙΚΗΤΑΣ  |b ΠΑΝΑΓΙΩΤΗΣ  |y ΛΕΣΒΟΣ  |z 2013-01 
970 |a ΤΖΑΦΕΡΗ  |b ΕΥΑΓΓΕΛΙΑ  |z 2014/09/02